Szczegóły MARC
| 000 -ETYKIETA REKORDU |
| podpole kontrolne o stałej długości |
01886nam a2200457 i 4500 |
| 001 - NUMER KONTROLNY REKORDU |
| pole kontrolne |
46469 |
| 003 - IDENTYFIKATOR NUMERU KONTROLNEGO REKORDU |
| podpole kontrolne |
KOSZ 005 |
| 005 - DATA OSTATNIEJ MODYFIKACJI REKORDU |
| podpole kontrolne |
20200407081935.0 |
| 008 - POLE O STAŁEJ DŁUGOŚCI - DANE KONTROLNE |
| podpole kontrolne o stałej długości |
040323s2002 pl a f |100 0 pol |
| 015 ## - NUMER BIBLIOGRAFII NARODOWEJ |
| Numer bibliografii narodowej |
PB 2004/13964 |
| 020 ## - MIĘDZYNARODOWY ZNORMALIZOWANY NUMER KSIĄŻKI - ISBN |
| ISBN |
8391185354 |
| 035 ## - NUMER SYSTEMOWY |
| Numer systemowy przejętego rekordu |
991018359099705066 |
| 035 ## - NUMER SYSTEMOWY |
| Numer systemowy przejętego rekordu |
(PL-WaBN)b14976523-48omnis_nlop |
| 035 ## - NUMER SYSTEMOWY |
| Numer systemowy przejętego rekordu |
b14976523 |
| 035 ## - NUMER SYSTEMOWY |
| Numer systemowy przejętego rekordu |
(OCoLC)830315859 |
| 035 ## - NUMER SYSTEMOWY |
| Numer systemowy przejętego rekordu |
(PL)b0000001497652 |
| 035 ## - NUMER SYSTEMOWY |
| Numer systemowy przejętego rekordu |
(EXLNZ-48OMNIS_NETWORK)9910496714605606 |
| 040 ## - ŹRÓDŁO KATALOGOWANIA |
| Instytucja, która sporządziła opis |
WA N |
| Instytucja, która utworzyła rekord |
WA N |
| Instytucja, która dokonała modyfikacji |
KOSZ 005/HR |
| 041 0# - KOD JĘZYKA |
| Kod języka tekstu |
pol |
| Kod języka streszczenia lub abstraktu |
eng |
| 046 ## - DATY KODOWANE |
| Pojedyncza data lub początek okresu powstania dzieła lub zbioru dzieł |
2002 |
| 080 ## - UNIWERSALNA KLASYFIKACJA DZIESIĘTNA - UKD |
| UKD |
629.33.02 |
| 080 ## - UNIWERSALNA KLASYFIKACJA DZIESIĘTNA - UKD |
| UKD |
(06) |
| 111 2# - NAZWA IMPREZY |
| Nazwa imprezy |
Słupskie Forum Motoryzacji |
| Oznaczenie części/sekcji/imprezy |
(5 ; |
| Data imprezy |
2002 ; |
| Miejsce imprezy |
Słupsk). |
| 245 10 - TYTUŁ/ODPOWIEDZIALNOŚĆ |
| Tytuł |
Droga krajowa nr 6 osią integracji Pomorza Środkowego i szansą rozwoju motoryzacji : |
| Ciąg dalszy tytułu |
V Słupskie Forum Motoryzacji, Słupsk 18-19 maja 2002 / |
| Pozostałe elementy strefy tytułu i oznaczenia odpowiedzialności |
[mater. zebrano i przygot. do dr. cz. referatowa red. Leon Kukiełka, cz. informacyjna, dokumentacja red. Zbigniew Babiarz-Zych] ; organizatorzy Rada Regionalna Federacji Stowarzyszeń Naukowo-Technicznych NOT w Słupsku [et al.]. |
| 246 3# - WARIANT TYTUŁU |
| Tytuł |
Słupskie Forum Motoryzacji, 5 |
| 260 ## - STREFA ADRESU WYDAWNICZEGO |
| Miejsce wydania |
Słupsk : |
| Nazwa wydawcy/dystrybutora |
staraniem Starostwa Powiatowego : |
| -- |
RR SN-T NOT [Naczelnej Organizacji Technicznej], |
| Data publikacji, dystrybucji/powstania dokumentu |
cop. 2002. |
| 300 ## - STREFA OPISU FIZYCZNEGO |
| Objętość |
360 s. : |
| Inne cechy fizyczne |
faks., fot., rys., tab., wykr. ; |
| Rozmiary |
24 cm. |
| 380 ## - FORMA I TYP PUBLIKACJI |
| Forma i typ publikacji |
Książki |
| 388 ## - CZAS POWSTANIA |
| Czas powstania |
2001- |
| 504 ## - UWAGA DOTYCZĄCA BIBLIOGRAFII |
| Informacje o bibliografii |
Bibliogr. przy ref. |
| 546 ## - UWAGA O JĘZYKU |
| Uwaga o języku |
Streszcz. ang. przy ref. |
| 658 ## - TERMIN INDEKSOWY - PRZEDMIOT PROGRAMU NAUCZANIA |
| Główny przedmiot programu nauczania |
Inżynieria i technika |
| 650 #7 - HASŁO PRZEDMIOTOWE W FORMIE NAZWY OGÓLNEJ LUB JEDNOSTKOWEJ |
| Nazwa ogólna lub geograficzna |
Samochody |
| Źródło hasła lub terminu |
DBN |
| 650 #7 - HASŁO PRZEDMIOTOWE W FORMIE NAZWY OGÓLNEJ LUB JEDNOSTKOWEJ |
| Nazwa ogólna lub geograficzna |
Budowa i konstrukcje |
| 655 #7 - TERMIN INDEKSOWY - OKREŚLENIE RODZAJU/FORMY DOKUMENTU |
| Określenie rodzaju/formy dokumentu |
Materiały konferencyjne |
| Źródło terminu |
DBN |
| 700 1# - HASŁO DODATKOWE - NAZWA OSOBOWA |
| Nazwa osobowa |
Kukiełka, Leon |
| Daty związane z nazwą |
(1951- ) |
| Określenie związku między hasłem a opisywanym materiałem |
Redakcja |
| 700 1# - HASŁO DODATKOWE - NAZWA OSOBOWA |
| Nazwa osobowa |
Babiarz-Zych, Zbigniew |
| Daty związane z nazwą |
(1955- ) |
| Określenie związku między hasłem a opisywanym materiałem |
Redakcja |
| 856 ## - LOKALIZACJA I DOSTĘP DO ELEKTRONICZNYCH DOKUMENTÓW ZDALNYCH |
| Link (URL) |
http://koha.tu.koszalin.pl/cgi-bin/koha/opac-detail.pl?biblionumber=46469 |
| Tekst linku |
Katalog online BPK |
| 942 ## - DODATKOWE ELEMENTY (KOHA) |
| Schemat klasyfikacji |
Uniwersalna Klasyfikacja Dziesiętna |
| Typ dokumentu |
Książka |